000
00359nam a2200169Ia 4500
003
0STCL
008
150530s9999 xx 000 0 und d
040
_a
STCL
_c
STCL
100
_a
Barton, A.W.
245
_a
Text book of light
250
_a
First
260
_c
1943
546
_a
English
942
_2
ddc
_c
BK
999
_c
29424
_d
29424
005
20220125170149.0